000 00994cam a22003498i 4500
999 _c6280
_d6280
001 18449765
003 GZU
005 20210421094132.0
008 150115s2015 enk 000 0 eng
010 _a 2015001769
020 _a9781292080505
040 _aDLC
_beng
_cDLC
_erda
042 _apcc
050 0 0 _aHF5636
_b.ELL 2015
082 0 0 _a657
_223
100 1 _aElliott, Barry.
245 1 0 _aFinancial accounting and reporting /
_cBarry Elliott and Jamie Elliott.
250 _aSeventeenth edition.
263 _a1504
264 1 _aHarlow, England :
_bPearson,
_c2015.
300 _a855p.
336 _atext
_2rdacontent
337 _aunmediated
_2rdamedia
338 _avolume
_2rdacarrier
500 _aIncludes index
650 0 _aAccounting.
650 0 _aFinancial statements.
700 1 _aElliott, Jamie.
906 _a7
_bcbc
_corignew
_d1
_eecip
_f20
_gy-gencatlg
942 _2lcc
_cBK
_h5636
_iELL
_kHF